00490 2200181 4500001002100000005001700021008004100038020001800079035002500097041000700122082001200129090001800141100002200159245004600181260003100227300002900258650002100287INLIS0000000000040840:yyyyMMddHHmmss180719||||||||| | ||| |||| || |  a979-543-499-3 a0010-031300000004084 aid0 a005.713 a005.713 RIZ t0 aAbdul Razaq Rizky00aTrik cepat belajar sendiri Microsoft Word aBandungbYrama Widyac2008 a168 hlm ; 12,5 x 19,5 cm 0aprogram komputer